[Event "106th YMCA Spring B"]
[Site "Warszawa"]
[Date "2012.04.13"]
[Round "1"]
[White "Parol, Pawel"]
[Black "Szymczak, Rafal"]
[Result "1/2-1/2"]
[WhiteElo "1951"]
[BlackElo "2038"]
[Annotator "M"]
[PlyCount "50"]
[EventDate "2012.04.12"]
[EventType "tourn"]
[EventRounds "1"]
[EventCountry "POL"]
[SourceDate "2012.04.11"]

1. e4 c6 2. d4 d5 3. Nc3 dxe4 4. Nxe4 Bf5 5. Ng3 Bg6 6. h4 h6 7. h5 Bh7 8. Nf3
Nd7 9. Bd3 Bxd3 10. Qxd3 Ngf6 11. Bd2 Qc7 12. O-O-O O-O-O $11 13. Qe2 e6 14.
Ne5 Nxe5 15. dxe5 Nd5 16. f4 Be7 17. c4 Nb6 18. Kb1 c5 19. Ba5 Qc6 20. Ne4
Rxd1+ 21. Rxd1 Rd8 22. Rxd8+ Kxd8 23. Qd3+ Ke8 24. Bxb6 Qxb6 25. g3 Qc6 $11
1/2-1/2

[Event "106th YMCA Spring B"]
[Site "Warszawa"]
[Date "2012.04.12"]
[Round "1"]
[White "Rusin, Ryszard"]
[Black "Rzepecka, Dorota"]
[Result "1-0"]
[WhiteElo "1897"]
[BlackElo "1892"]
[PlyCount "55"]
[EventDate "2012.04.12"]
[EventType "tourn"]
[EventRounds "1"]
[EventCountry "POL"]
[SourceDate "2012.04.11"]

1. d4 d5 2. Nf3 Nf6 3. c4 dxc4 4. Nc3 e6 5. Bg5 Bb4 6. e3 c5 7. Bxc4 Qa5 8. O-O
Bxc3 9. bxc3 Nbd7 10. Qb3 O-O 11. Rac1 a6 12. a4 h6 13. Bf4 b5 14. axb5 axb5
15. Qxb5 Qxb5 16. Bxb5 Nd5 17. Bd6 Rd8 18. dxc5 Ra2 19. Nd4 Ba6 20. c4 N5f6 21.
Ra1 Bxb5 22. cxb5 Rxa1 23. Rxa1 Ne4 24. Nc6 Re8 25. Rc1 Kh7 26. f3 Nxd6 27.
cxd6 Rc8 28. Ra1 1-0

[Event "106th YMCA Spring B"]
[Site "Warszawa"]
[Date "2012.04.12"]
[Round "1"]
[White "Litwiniec, Miroslawa"]
[Black "Winiarski, Mikolaj"]
[Result "0-1"]
[WhiteElo "1863"]
[BlackElo "1873"]
[PlyCount "86"]
[EventDate "2012.04.12"]
[EventType "tourn"]
[EventRounds "1"]
[EventCountry "POL"]
[SourceDate "2012.04.11"]

1. e4 d5 2. e5 Bf5 3. d4 e6 4. Nf3 h6 5. Bd3 Bxd3 6. Qxd3 Nd7 7. Nc3 a6 8. O-O
c5 9. Ne2 Ne7 10. c3 Nf5 11. Ng3 Nxg3 12. fxg3 Be7 13. Bd2 Qc7 14. Rf2 O-O-O
15. b3 Kb8 16. Rb1 Ka8 17. Be3 f5 18. Rfb2 g5 19. Qd1 g4 20. Nd2 Bg5 21. Bf2
cxd4 22. cxd4 Rc8 23. b4 b6 24. Qa4 Nb8 25. Be1 Be3+ 26. Bf2 Bg5 27. Nb3 Qc4
28. Qa3 Rh7 29. b5 Be7 30. Nc5 bxc5 31. bxa6 cxd4 32. Qa5 Bd8 33. Qd2 Nxa6 34.
Bxd4 Bg5 35. Be3 Bxe3+ 36. Qxe3 Qc5 37. Qxc5 Nxc5 38. Rb6 Rb7 39. Kf1 Ka7 40.
Rxb7+ Nxb7 41. Rb2 Nc5 42. Ke2 Ne4 43. h3 Nxg3+ 0-1

[Event "106th YMCA Spring B"]
[Site "Warszawa"]
[Date "2012.04.10"]
[Round "1"]
[White "Rozycki, Bartlomiej"]
[Black "Sujkowski, Pawel"]
[Result "0-1"]
[WhiteElo "1849"]
[BlackElo "1988"]
[PlyCount "50"]
[EventDate "2012.04.12"]
[EventType "tourn"]
[EventRounds "1"]
[EventCountry "POL"]
[SourceDate "2012.04.11"]

1. e4 e6 2. d4 d5 3. Nc3 Bb4 4. e5 Ne7 5. a3 Bxc3+ 6. bxc3 c5 7. Nf3 Qc7 8. h4
b6 9. h5 h6 10. Bd3 Ba6 11. O-O Bxd3 12. Qxd3 O-O 13. g4 Nd7 14. a4 Rac8 15.
Ba3 f6 16. Rfe1 Nc6 17. Qe3 fxe5 18. dxe5 Rf7 19. g5 Rcf8 20. Nh4 Ndxe5 21. Ng6
Rf3 22. Qe2 Rxf2 23. Qxf2 Rxf2 24. Kxf2 Nxg6 25. hxg6 Qf4+ 0-1

[Event "106th YMCA Spring B"]
[Site "Warszawa"]
[Date "2012.04.12"]
[Round "1"]
[White "Pettersson, Alexander"]
[Black "Lasota, Adam"]
[Result "1/2-1/2"]
[WhiteElo "1975"]
[BlackElo "1875"]
[Annotator "M"]
[PlyCount "147"]
[EventDate "2012.04.12"]
[EventType "tourn"]
[EventRounds "1"]
[EventCountry "POL"]
[SourceDate "2012.04.11"]

1. d4 Nf6 2. Nf3 g6 3. Nc3 d5 4. Bf4 Bg7 5. e3 c5 6. Be2 O-O 7. O-O cxd4 8.
exd4 Nc6 9. Ne5 Qb6 10. Nxc6 Qxc6 11. Re1 a6 12. Bf3 Re8 13. Be5 Be6 14. Ne2
Bf5 15. c3 Be4 16. Ng3 Bxf3 17. Qxf3 Nd7 18. Bxg7 Kxg7 19. Rad1 b5 20. h4 Nf6
21. Re5 h5 22. Rde1 e6 23. Rg5 Rh8 24. Re3 Rh6 25. Qf4 Nd7 26. Ne2 Re8 27. Rf3
f6 28. Rgg3 Rf8 29. Qd2 Nb6 30. Nf4 Nc4 31. Qc2 f5 32. b3 Nb6 33. Re3 Rf6 34.
Qe2 Kf7 35. Qe1 Qd6 36. Rgf3 Rh8 37. Nh3 Re8 38. Ng5+ Ke7 39. Nxe6 Rxe6 40.
Rxe6+ Qxe6 41. Re3 Kf6 42. Rxe6+ Rxe6 43. Qd2 Kf7 44. Kf1 Nd7 45. Qf4 Rc6 46.
Qd2 Nf6 47. f3 Nd7 48. Ke2 Nf8 49. Kd3 Ne6 50. g3 Nd8 51. Qh6 Ke7 52. Qg7+ Nf7
53. Qg8 Rd6 54. Qa8 Kf6 55. c4 dxc4+ 56. bxc4 Ne5+ 57. Kc3 Nxc4 58. Qf8+ Ke6
59. a4 Nb6 60. axb5 Nd5+ 61. Kd3 axb5 62. Qe8+ Ne7 63. Qxb5 Nc6 64. Qb3+ Kf6
65. Ke3 Nxd4 66. Qc3 Ke7 67. Qc7+ Ke6 68. Qc4+ Ke7 69. Qc7+ Ke6 70. Qxd6+ Kxd6
71. Kxd4 Ke6 72. Ke3 Ke5 73. f4+ Kd5 74. Kd3 $11 1/2-1/2

[Event "106th YMCA Spring B"]
[Site "Warszawa"]
[Date "2012.04.20"]
[Round "1"]
[White "Safanowski, Tomasz"]
[Black "Sokolowski, Marek"]
[Result "1/2-1/2"]
[WhiteElo "1933"]
[BlackElo "1933"]
[PlyCount "51"]
[EventDate "2012.04.12"]
[EventType "tourn"]
[EventRounds "1"]
[EventCountry "POL"]
[SourceDate "2012.04.11"]

1. f4 Nf6 2. Nf3 c5 3. e3 g6 4. Nc3 Bg7 5. Be2 O-O 6. O-O d5 7. d3 Bd7 8. Ne5
Be8 9. Bf3 Nc6 10. Nxc6 Bxc6 11. e4 d4 12. Ne2 e5 13. c4 dxc3 14. bxc3 c4 15.
fxe5 cxd3 16. Nd4 Nd7 17. e6 fxe6 18. Ba3 Re8 19. Nxc6 bxc6 20. Qxd3 Qb6+ 21.
Kh1 Ne5 22. Qe2 Nxf3 23. Qxf3 Qc7 24. Rad1 Be5 25. c4 Rad8 26. Rxd8 1/2-1/2

[Event "106th YMCA Spring B"]
[Site "Warszawa"]
[Date "2012.04.18"]
[Round "2"]
[White "Szymczak, Rafal"]
[Black "Sokolowski, Marek"]
[Result "1/2-1/2"]
[WhiteElo "2038"]
[BlackElo "1933"]
[Annotator "M"]
[PlyCount "23"]
[EventDate "2012.04.12"]
[EventType "tourn"]
[EventRounds "1"]
[EventCountry "POL"]
[SourceDate "2012.04.11"]

1. f4 d5 2. Nf3 Nf6 3. g3 b6 4. Bg2 Bb7 5. O-O g6 6. Ne5 Bg7 7. d3 O-O 8. c3 c5
9. Na3 a6 10. Qe1 Nbd7 11. Nxd7 Qxd7 12. h3 $11 1/2-1/2

[Event "106th YMCA Spring B"]
[Site "Warszawa"]
[Date "2012.04.19"]
[Round "2"]
[White "Lasota, Adam"]
[Black "Safanowski, Tomasz"]
[Result "1-0"]
[WhiteElo "1875"]
[BlackElo "1933"]
[PlyCount "61"]
[EventDate "2012.04.12"]
[EventType "tourn"]
[EventRounds "1"]
[EventCountry "POL"]
[SourceDate "2012.04.11"]

1. d4 d6 2. Nf3 Nf6 3. Bf4 Nbd7 4. h3 c6 5. c4 e5 6. Bh2 e4 7. Nfd2 e3 8. fxe3
Qe7 9. Qb3 g6 10. Qd3 Bh6 11. e4 d5 12. e5 Ne4 13. Nxe4 dxe4 14. Qc3 O-O 15.
Nd2 f6 16. exf6 Nxf6 17. e3 c5 18. Nb3 cxd4 19. Nxd4 Nd7 20. O-O-O Nc5 21. Nb5
Rxf1 22. Rhxf1 Nd3+ 23. Kb1 Be6 24. Bd6 Qd7 25. Be5 Rc8 26. Qd4 Qxd4 27. Bxd4
Bf8 28. Nc3 Bc5 29. Nxe4 Bxd4 30. exd4 Bf5 31. Nd6 1-0

[Event "106th YMCA Spring B"]
[Site "Warszawa"]
[Date "2012.04.17"]
[Round "2"]
[White "Sujkowski, Pawel"]
[Black "Pettersson, Alexander"]
[Result "1/2-1/2"]
[WhiteElo "1988"]
[BlackElo "1975"]
[Annotator "M"]
[PlyCount "42"]
[EventDate "2012.04.12"]
[EventType "tourn"]
[EventRounds "1"]
[EventCountry "POL"]
[SourceDate "2012.04.11"]

1. d4 Nf6 2. c4 e6 3. g3 d5 4. Bg2 Be7 5. Nf3 O-O 6. O-O Nbd7 7. b3 c6 8. Qc2
b6 9. Nbd2 Ba6 10. Bb2 Rc8 11. Rfe1 c5 12. e3 cxd4 13. exd4 Ne8 14. Rac1 Nd6
15. Ne5 dxc4 16. Nc6 cxb3 17. Qxb3 Qe8 18. Ba3 Nf5 19. Nxe7+ Nxe7 20. Qa4 Nb8
21. Qb3 Qd7 $11 1/2-1/2

[Event "106th YMCA Spring B"]
[Site "Warszawa"]
[Date "2012.04.13"]
[Round "2"]
[White "Winiarski, Mikolaj"]
[Black "Rozycki, Bartlomiej"]
[Result "1/2-1/2"]
[WhiteElo "1873"]
[BlackElo "1849"]
[Annotator "M"]
[PlyCount "54"]
[EventDate "2012.04.12"]
[EventType "tourn"]
[EventRounds "1"]
[EventCountry "POL"]
[SourceDate "2012.04.11"]

1. d4 d5 2. c4 c6 3. Nc3 Nf6 4. cxd5 cxd5 5. Nf3 Nc6 6. Bf4 Bf5 7. e3 e6 8. Bd3
Bxd3 9. Qxd3 Bd6 10. Bxd6 Qxd6 11. O-O O-O 12. h3 h6 13. Rfc1 Rfc8 14. b3 Nd7
15. e4 dxe4 16. Nxe4 Qe7 17. Qe3 Nb4 18. Qe2 Nb6 19. Ne5 Rd8 20. a3 N4d5 21.
Qb2 Rac8 22. Nc5 Nf4 23. Kh2 Nbd5 24. g3 Nh5 25. b4 b6 26. Ne4 Qb7 27. f3 Nhf6
$11 1/2-1/2

[Event "106th YMCA Spring B"]
[Site "Warszawa"]
[Date "2012.04.19"]
[Round "2"]
[White "Rzepecka, Dorota"]
[Black "Litwiniec, Miroslawa"]
[Result "0-1"]
[WhiteElo "1892"]
[BlackElo "1863"]
[PlyCount "108"]
[EventDate "2012.04.12"]
[EventType "tourn"]
[EventRounds "1"]
[EventCountry "POL"]
[SourceDate "2012.04.11"]

1. e4 e5 2. Nc3 Bc5 3. g3 d6 4. Na4 Nf6 5. Nxc5 dxc5 6. Bg2 Nc6 7. Ne2 O-O 8.
O-O Bg4 9. f3 Bh5 10. d3 Qe7 11. c3 Rad8 12. Qc2 Rd6 13. Be3 Nd7 14. g4 Bg6 15.
Rad1 Rd8 16. h3 b6 17. f4 f6 18. f5 Bf7 19. h4 Kh8 20. Ng3 Qe8 21. g5 Na5 22.
b3 Qg8 23. Qf2 Nb8 24. d4 cxd4 25. cxd4 exd4 26. Rxd4 Nac6 27. Rxd6 Rxd6 28.
Bf4 Ne5 29. Bxe5 fxe5 30. Qe3 Nd7 31. Rf2 Nc5 32. Bf1 Qd8 33. Kh2 Nd3 34. Rd2
Nf4 35. Rxd6 Qxd6 36. Qc3 c5 37. Ne2 Nxe2 38. Bxe2 Qd4 39. Qxd4 cxd4 40. Kg2 a5
41. Kf2 Kg8 42. Ke1 Kf8 43. Kd2 Ke7 44. h5 h6 45. gxh6 gxh6 46. Kc2 Kf6 47. a3
Kg5 48. b4 axb4 49. axb4 Bxh5 50. Bc4 Be8 51. Bf1 Bc6 52. Bg2 Kf4 53. Kd3 h5
54. Kc4 h4 0-1

[Event "106th YMCA Spring B"]
[Site "Warszawa"]
[Date "2012.04.20"]
[Round "2"]
[White "Parol, Pawel"]
[Black "Rusin, Ryszard"]
[Result "1-0"]
[WhiteElo "1951"]
[BlackElo "1897"]
[Annotator "M"]
[PlyCount "127"]
[EventDate "2012.04.12"]
[EventType "tourn"]
[EventRounds "1"]
[EventCountry "POL"]
[SourceDate "2012.04.11"]

1. e4 g6 2. d4 Bg7 3. c4 d6 4. Nc3 Nd7 5. Nf3 c5 6. Be3 cxd4 7. Nxd4 Ngf6 8. f3
Nc5 9. Qd2 Ne6 10. Be2 Bd7 11. O-O O-O 12. Rfd1 Nh5 13. Nb3 Bc6 14. Rac1 b6 15.
Nd5 Re8 16. Rc2 Ba4 17. Qb4 Qd7 18. g4 Nf6 19. Nc3 Bc6 20. e5 Nxg4 21. fxg4 a5
22. Qa3 Bxe5 23. Nd5 Bxd5 24. cxd5 Bf4 25. Bxb6 Ng5 26. Rc7 Qd8 27. Nd4 e5 28.
Rc6 Qf6 29. Nf3 e4 30. Nxg5 Qxg5 31. Qh3 Rab8 32. Kh1 Rb7 33. b3 Bd2 34. Rxd6
Qe5 35. Rd8 e3 36. Rxe8+ Qxe8 37. Bxe3 Bxe3 38. Qf3 Rb8 39. d6 Rd8 40. d7 Qe7
41. Bc4 Bg5 42. Qd5 Rf8 43. Rf1 Kg7 44. a4 Kh6 45. Kg2 f6 46. Rf2 Rd8 47. Bb5
Qb4 48. Qf3 Rf8 49. Re2 f5 50. Re8 Qd2+ 51. Re2 Qd6 52. Qd3 Qb4 53. Qc4 Qd6 54.
Qe6 Qd4 55. Qc4 Qd6 56. Rf2 f4 57. Qe4 Bd8 58. Qf3 Bc7 59. h4 g5 60. Rc2 Rf6
61. hxg5+ Kxg5 62. Re2 Bb6 63. Re8 Qd2+ 64. Be2 $138 1-0

[Event "106th YMCA Spring B"]
[Site "Warszawa"]
[Date "2012.04.25"]
[Round "3"]
[White "Rusin, Ryszard"]
[Black "Szymczak, Rafal"]
[Result "1/2-1/2"]
[WhiteElo "1897"]
[BlackElo "2038"]
[PlyCount "147"]
[EventDate "2012.04.12"]
[EventType "tourn"]
[EventRounds "1"]
[EventCountry "POL"]
[SourceDate "2012.04.11"]

1. d4 Nf6 2. c4 c5 3. Nf3 cxd4 4. Nxd4 Nc6 5. Nc3 g6 6. g3 Bg7 7. Bg2 O-O 8.
O-O Nxd4 9. Qxd4 d6 10. Rb1 Bf5 11. Ra1 Ne4 12. Qe3 Nxc3 13. bxc3 Qc7 14. Bd2
Rfe8 15. h3 h5 16. Rfe1 Qxc4 17. Bxb7 Rab8 18. Qf3 Qc7 19. Bd5 e6 20. Bb3 Bxh3
21. Rac1 e5 22. e4 Be6 23. c4 Kh7 24. Qe3 Rec8 25. Kg2 f5 26. f3 Qf7 27. exf5
Bxf5 28. Rh1 Kg8 29. g4 hxg4 30. fxg4 Bxg4 31. Rcf1 Bf5 32. Qf3 Rxc4 33. Bxc4
Qxc4 34. Rc1 Qxa2 35. Rhd1 e4 36. Qg3 Be5 37. Qg5 Qb3 38. Be3 Qb2+ 39. Bd2 Bf6
40. Qg3 Re8 41. Kh1 Be5 42. Qe3 Bd4 43. Qh6 Re7 44. Rb1 Rh7 45. Rxb2 Bxb2 46.
Qxh7+ Kxh7 47. Be3 a5 48. Rxd6 a4 49. Ra6 a3 50. Bc5 e3 51. Bxa3 Bc3 52. Ra7+
Kh6 53. Bc1 Be4+ 54. Kg1 Bd2 55. Bxd2 exd2 56. Rd7 Kg5 57. Kf2 Kf4 58. Rxd2 g5
59. Rd8 g4 60. Rf8+ Bf5 61. Kg2 Ke4 62. Kg3 Be6 63. Rf4+ Ke5 64. Ra4 Bf5 65.
Ra1 Be6 66. Re1+ Kf6 67. Kf4 Bd7 68. Rb1 Bc8 69. Rb6+ Be6 70. Ra6 Ke7 71. Ke5
Bd7 72. Ra7 g3 73. Kf4 g2 74. Ra1 1/2-1/2

[Event "106th YMCA Spring B"]
[Site "Warszawa"]
[Date "2012.04.27"]
[Round "3"]
[White "Litwiniec, Miroslawa"]
[Black "Parol, Pawel"]
[Result "0-1"]
[WhiteElo "1863"]
[BlackElo "1951"]
[PlyCount "86"]
[EventDate "2012.04.12"]
[EventType "tourn"]
[EventRounds "1"]
[EventCountry "POL"]
[SourceDate "2012.04.11"]

1. e4 e6 2. d4 d5 3. e5 c5 4. c3 Nc6 5. Nf3 Qb6 6. Be2 Bd7 7. O-O Rc8 8. b3
cxd4 9. cxd4 Nb4 10. a4 a5 11. Na3 Ne7 12. Nb5 Bxb5 13. Bxb5+ Nec6 14. Ng5 h6
15. Qh5 g6 16. Qh3 Be7 17. Nxe6 fxe6 18. Qxe6 Kd8 19. Be3 Re8 20. Qxg6 Kc7 21.
Qxh6 Kb8 22. Rad1 Rh8 23. Qe6 Rce8 24. Qg6 Reg8 25. Qe6 Re8 26. Qg4 Reg8 27.
Qe2 Rh4 28. f4 Rhg4 29. g3 Bh4 30. Rf3 Qc7 31. f5 Qh7 32. f6 Bxg3 33. Rxg3
Rxg3+ 34. Kf1 Qh3+ 35. Ke1 Rxe3 36. f7 Rg1+ 37. Kd2 Rxe2+ 38. Bxe2 Rxd1+ 39.
Kxd1 Qxb3+ 40. Kd2 Qc2+ 41. Ke1 Qc1+ 42. Bd1 Qe3+ 43. Kf1 Qf4+ 0-1

[Event "106th YMCA Spring B"]
[Site "Warszawa"]
[Date "2012.04.26"]
[Round "3"]
[White "Rozycki, Bartlomiej"]
[Black "Rzepecka, Dorota"]
[Result "1/2-1/2"]
[WhiteElo "1849"]
[BlackElo "1892"]
[Annotator "M"]
[PlyCount "53"]
[EventDate "2012.04.12"]
[EventType "tourn"]
[EventRounds "1"]
[EventCountry "POL"]
[SourceDate "2012.04.11"]

1. e4 e6 2. d4 d5 3. Nc3 dxe4 4. Nxe4 Nf6 5. Bd3 Nbd7 6. Ng3 c5 7. Nf3 Be7 8.
O-O O-O 9. c4 cxd4 10. Nxd4 Ne5 11. Be2 Qb6 12. Nf3 Rd8 13. Qc2 Neg4 14. h3
Nxf2 15. Rxf2 Bc5 16. Bf1 e5 17. b4 Bxf2+ 18. Qxf2 Qxb4 19. Nxe5 Rd1 20. Nd3
Qc3 21. Bb2 Qxd3 22. Rxd1 Qxd1 23. Bxf6 gxf6 24. Qxf6 Be6 25. Qg5+ Kf8 26. Qc5+
Kg8 27. Qg5+ $11 1/2-1/2

[Event "106th YMCA Spring B"]
[Site "Warszawa"]
[Date "2012.04.26"]
[Round "3"]
[White "Pettersson, Alexander"]
[Black "Winiarski, Mikolaj"]
[Result "0-1"]
[WhiteElo "1975"]
[BlackElo "1873"]
[PlyCount "72"]
[EventDate "2012.04.12"]
[EventType "tourn"]
[EventRounds "1"]
[EventCountry "POL"]
[SourceDate "2012.04.11"]

1. d4 f5 2. Bg5 Nf6 3. Bxf6 exf6 4. g3 Be7 5. Bg2 d5 6. e3 O-O 7. Ne2 Be6 8. c4
c6 9. Nf4 Bf7 10. cxd5 cxd5 11. Qb3 g5 12. Nxd5 f4 13. O-O Nc6 14. Nxe7+ Qxe7
15. Qa3 Qd7 16. Nc3 h5 17. Ne4 Bd5 18. Nc5 Qf7 19. Bxd5 Qxd5 20. Qb3 Qxb3 21.
Nxb3 f3 22. Rfc1 h4 23. Nc5 hxg3 24. fxg3 g4 25. Nxb7 Ne7 26. e4 f5 27. Rc7 Ng6
28. e5 f4 29. Kf2 Rf5 30. Rc2 Rh5 31. h4 Nxh4 32. gxf4 Nf5 33. Rc6 Rh2+ 34. Kg1
Rg2+ 35. Kf1 Ne3+ 36. Ke1 f2+ 0-1

[Event "106th YMCA Spring B"]
[Site "Warszawa"]
[Date "2012.04.26"]
[Round "3"]
[White "Sokolowski, Marek"]
[Black "Lasota, Adam"]
[Result "1-0"]
[WhiteElo "1933"]
[BlackElo "1875"]
[PlyCount "75"]
[EventDate "2012.04.12"]
[EventType "tourn"]
[EventRounds "1"]
[EventCountry "POL"]
[SourceDate "2012.04.11"]

1. e4 c5 2. Nf3 e6 3. d4 cxd4 4. Nxd4 Nc6 5. Nb5 d6 6. Bf4 e5 7. Be3 a6 8. N5a3
Nf6 9. Nc3 b5 10. Nd5 Nxe4 11. Bb6 Qd7 12. Nc7+ Ke7 13. Nxa8 Qb7 14. Bd3 Nf6
15. O-O Qxa8 16. c4 b4 17. Nc2 Qb7 18. Be3 g6 19. Bg5 h6 20. Bxf6+ Kxf6 21. Be4
Kg7 22. Qf3 Bd7 23. Nxb4 Qxb4 24. Bxc6 Bc8 25. Bd5 f5 26. Qb3 Qc5 27. Qa4 Be7
28. b4 Qb6 29. Rab1 Rd8 30. Qc6 Qa7 31. b5 axb5 32. cxb5 Kf6 33. b6 Qb8 34. f4
Bd7 35. fxe5+ Kg7 36. Qc7 dxe5 37. Bc6 Qc8 38. Bxd7 1-0

[Event "106th YMCA Spring B"]
[Site "Warszawa"]
[Date "2012.05.16"]
[Round "4"]
[White "Szymczak, Rafal"]
[Black "Lasota, Adam"]
[Result "1/2-1/2"]
[WhiteElo "2038"]
[BlackElo "1875"]
[Annotator "M"]
[PlyCount "51"]
[EventDate "2012.04.12"]
[EventType "tourn"]
[EventRounds "1"]
[EventCountry "POL"]
[SourceDate "2012.04.11"]

1. f4 d5 2. Nf3 Bf5 3. g3 e6 4. Bg2 h6 5. d3 Bc5 6. e3 Nc6 7. Qe2 Nf6 8. c3 O-O
9. O-O a6 10. Kh1 Qe7 11. Nbd2 Rad8 12. Ne5 Nxe5 13. fxe5 Nd7 14. d4 Bb6 15. b4
f6 16. exf6 Nxf6 17. Bb2 c6 18. e4 Bg4 19. Qd3 Nh7 20. h3 Bh5 21. e5 Rxf1+ 22.
Rxf1 Rf8 23. g4 Rxf1+ 24. Nxf1 Bd8 25. Bc1 Qf7 26. Be3 $11 1/2-1/2

[Event "106th YMCA Spring B"]
[Site "Warszawa"]
[Date "2012.05.01"]
[Round "4"]
[White "Sujkowski, Pawel"]
[Black "Sokolowski, Marek"]
[Result "1-0"]
[WhiteElo "1988"]
[BlackElo "1933"]
[PlyCount "56"]
[EventDate "2012.04.12"]
[EventType "tourn"]
[EventRounds "1"]
[EventCountry "POL"]
[SourceDate "2012.04.11"]

1. e4 c5 2. c3 d5 3. exd5 Qxd5 4. d4 e5 5. Nf3 cxd4 6. cxd4 exd4 7. Nxd4 Bb4+
8. Nc3 Bd7 9. Be3 Nf6 10. Be2 Nc6 11. O-O Bxc3 12. bxc3 O-O 13. Bf3 Qc4 14. Be2
Qd5 15. Qb1 Nxd4 16. Bxd4 Bc6 17. Bf3 Qd6 18. Qf5 Nd7 19. Rad1 g6 20. Qh3 Ne5
21. Bxc6 Nxc6 22. Bg7 Qc5 23. Bxf8 Rxf8 24. Rd7 Qa3 25. Rxb7 Qxa2 26. Qd7 Qa6
27. Rc7 Ne5 28. Qd4 Qb6 1-0

[Event "106th YMCA Spring B"]
[Site "Warszawa"]
[Date "2012.05.08"]
[Round "4"]
[White "Rzepecka, Dorota"]
[Black "Pettersson, Alexander"]
[Result "1/2-1/2"]
[WhiteElo "1892"]
[BlackElo "1975"]
[Annotator "M"]
[PlyCount "84"]
[EventDate "2012.04.12"]
[EventType "tourn"]
[EventRounds "1"]
[EventCountry "POL"]
[SourceDate "2012.04.11"]

1. e4 c6 2. d4 d5 3. exd5 cxd5 4. c4 Nf6 5. Nc3 e6 6. Nf3 Be7 7. Bd3 dxc4 8.
Bxc4 a6 9. O-O O-O 10. Qe2 b5 11. Bb3 Bb7 12. Bg5 b4 13. Na4 Nbd7 14. Rac1 Bd5
15. Bxd5 Nxd5 16. Bxe7 Qxe7 17. Nc5 a5 18. Qb5 N7f6 19. Ne5 Rfb8 20. Qd3 Rc8
21. f4 a4 22. f5 exf5 23. Rxf5 a3 24. b3 Rf8 25. Rcf1 Rac8 26. Nc4 Nc3 27. Re5
Qd8 28. Nb7 Qd7 29. Nbd6 Rcd8 30. Rxf6 gxf6 31. Rh5 f5 32. Nxf5 f6 33. Ncd6 Kh8
34. Qd2 Nd5 35. Qh6 Nc3 $11 36. Rh3 Ra8 37. Rg3 Ne2+ 38. Kf2 Nxg3 39. hxg3 Rad8
40. d5 Qa7+ 41. Kf3 Qd7 42. g4 Ra8 $11 1/2-1/2

[Event "106th YMCA Spring B"]
[Site "Warszawa"]
[Date "2012.05.10"]
[Round "4"]
[White "Parol, Pawel"]
[Black "Rozycki, Bartlomiej"]
[Result "1/2-1/2"]
[WhiteElo "1951"]
[BlackElo "1849"]
[Annotator "M"]
[PlyCount "102"]
[EventDate "2012.04.12"]
[EventType "tourn"]
[EventRounds "1"]
[EventCountry "POL"]
[SourceDate "2012.04.11"]

1. d4 d5 2. c4 e6 3. Nc3 c6 4. e3 f5 5. f4 Qh4+ 6. g3 Qh6 7. Nf3 Nf6 8. a3 a5
9. c5 Nbd7 10. Qa4 Ne4 11. Nxe4 fxe4 12. Ng5 Be7 13. Nh3 e5 14. Nf2 exd4 15.
exd4 b5 16. Qc2 Nf6 17. Be2 Qg6 18. Be3 Ng4 19. Nxg4 Bxg4 20. b3 h5 21. O-O-O
h4 22. Rdg1 Bxe2 23. Qxe2 hxg3 24. hxg3 Kd7 25. g4 Qf6 26. Kb1 g6 27. Qg2 Rxh1
28. Rxh1 b4 29. a4 Rh8 30. g5 Rxh1+ 31. Qxh1 Qf5 32. Qh4 Ke8 33. Qh8+ Kd7 34.
Qh4 Qe6 35. Kc2 Ke8 36. Qh8+ Bf8 37. Qh7 Qf7 38. Qh3 $11 Qd7 39. Qh4 Bg7 40.
Kd2 Qc8 41. Bf2 Ke7 42. Qh7 Kf7 43. Qh4 $11 Qh8 44. Qg4 Ke7 45. f5 gxf5 46. Qf4
Bxd4 47. Qd6+ Ke8 $11 48. Qxc6+ Ke7 49. Qd6+ Ke8 50. Qg6+ Ke7 51. Qd6+ Ke8
1/2-1/2

[Event "106th YMCA Spring B"]
[Site "Warszawa"]
[Date "2012.04.26"]
[Round "4"]
[White "Rusin, Ryszard"]
[Black "Litwiniec, Miroslawa"]
[Result "1-0"]
[WhiteElo "1897"]
[BlackElo "1863"]
[PlyCount "69"]
[EventDate "2012.04.12"]
[EventType "tourn"]
[EventRounds "1"]
[EventCountry "POL"]
[SourceDate "2012.04.11"]

1. d4 d5 2. c4 c6 3. Nc3 Nf6 4. cxd5 cxd5 5. g3 Bf5 6. Bg2 e6 7. Bf4 Bd6 8.
Bxd6 Qxd6 9. Nf3 O-O 10. O-O Nbd7 11. Nh4 Bg6 12. a3 Rac8 13. Nxg6 hxg6 14. Rc1
Qb6 15. Rc2 Rc4 16. Rd2 Rfc8 17. Re1 Qc6 18. e4 Nb6 19. e5 Nfd7 20. Bf1 Rxc3
21. bxc3 Qxc3 22. Rd3 Qa5 23. Rb3 a6 24. Re2 Rc7 25. Rc2 Nc4 26. Rbc3 b5 27. h4
Ndb6 28. h5 gxh5 29. Qxh5 Na4 30. Rf3 Nxe5 31. dxe5 g6 32. Rxf7 gxh5 33. Rcxc7
Nb6 34. Rg7+ Kh8 35. Rge7 1-0

[Event "106th YMCA Spring B"]
[Site "Warszawa"]
[Date "2012.05.25"]
[Round "5"]
[White "Litwiniec, Miroslawa"]
[Black "Szymczak, Rafal"]
[Result "0-1"]
[WhiteElo "1863"]
[BlackElo "2038"]
[PlyCount "66"]
[EventDate "2012.04.12"]
[EventType "tourn"]
[EventRounds "1"]
[EventCountry "POL"]
[SourceDate "2012.04.11"]

1. e4 d5 2. exd5 Qxd5 3. Nc3 Qd6 4. Bc4 Nf6 5. Nf3 a6 6. O-O b5 7. Bb3 c5 8. a4
b4 9. Ne2 Bb7 10. Ng5 e6 11. d4 c4 12. Ba2 h6 13. Nh3 Qc6 14. f3 g5 15. Ng3 a5
16. c3 Nbd7 17. Bb1 b3 18. Re1 O-O-O 19. Qe2 Bd6 20. Ne4 Bc7 21. Nhf2 Nd5 22.
Nd2 Ba6 23. Ng4 h5 24. Ne3 g4 25. Be4 Qd6 26. Ndf1 Nf4 27. Qd2 f5 28. Bxf5 exf5
29. Nxf5 Qf6 30. Ne7+ Kb8 31. d5 Bb7 32. Nc6+ Bxc6 33. dxc6 Qxc6 0-1

[Event "106th YMCA Spring B"]
[Site "Warszawa"]
[Date "2012.04.17"]
[Round "5"]
[White "Rozycki, Bartlomiej"]
[Black "Rusin, Ryszard"]
[Result "1-0"]
[WhiteElo "1849"]
[BlackElo "1897"]
[PlyCount "55"]
[EventDate "2012.04.12"]
[EventType "tourn"]
[EventRounds "1"]
[EventCountry "POL"]
[SourceDate "2012.04.11"]

1. e4 g6 2. d4 Bg7 3. Nc3 d6 4. Nf3 c6 5. Bc4 b5 6. Bb3 e6 7. O-O Nd7 8. d5 Nc5
9. dxc6 b4 10. Nb5 Nxe4 11. Re1 Ba6 12. Rxe4 Bxb5 13. Bxe6 fxe6 14. Rxe6+ Ne7
15. Bg5 Bxc6 16. Rxe7+ Qxe7 17. Bxe7 Kxe7 18. Nd4 Kd7 19. Nxc6 Kxc6 20. Qf3+
Kc5 21. Qe3+ Bd4 22. Qg5+ Kc6 23. Rd1 Bc5 24. Qd5+ Kb6 25. c3 a5 26. Kf1 Rhf8
27. f3 Rf5 28. Qxa8 1-0

[Event "106th YMCA Spring B"]
[Site "Warszawa"]
[Date "2012.05.17"]
[Round "5"]
[White "Pettersson, Alexander"]
[Black "Parol, Pawel"]
[Result "0-1"]
[WhiteElo "1975"]
[BlackElo "1951"]
[PlyCount "62"]
[EventDate "2012.04.12"]
[EventType "tourn"]
[EventRounds "1"]
[EventCountry "POL"]
[SourceDate "2012.04.11"]

1. d4 e6 2. Nf3 Nf6 3. e3 b6 4. Bd3 Bb7 5. O-O Be7 6. c4 O-O 7. Nc3 d5 8. b3 c5
9. Bb2 Nc6 10. Rc1 dxc4 11. bxc4 cxd4 12. exd4 Rc8 13. Bb1 Na5 14. Ne5 Nxc4 15.
Nxc4 Rxc4 16. Ne2 Rxc1 17. Qxc1 Qd7 18. Qe3 Qb5 19. Ba1 Rc8 20. Ng3 Ng4 21. Qf4
Qg5 22. Qxg5 Bxg5 23. h3 Nf6 24. Bb2 Bf4 25. Ne2 Bd6 26. Nc3 Bb4 27. Nb5 a6 28.
Na3 Be4 29. f3 Bxb1 30. Rxb1 Nd5 31. Kf1 h6 0-1